<?xml version="1.0" encoding="UTF-8"?>
<collection xmlns="http://www.loc.gov/MARC21/slim">
 <record>
  <leader>01628nam a2200265   4500</leader>
  <controlfield tag="001">000007145</controlfield>
  <controlfield tag="003">3306</controlfield>
  <controlfield tag="005">20150812140832.0</controlfield>
  <controlfield tag="008">110926s                               sd</controlfield>
  <datafield tag="100" ind1="0" ind2=" ">
   <subfield code="a">Triều Nguyên</subfield>
  </datafield>
  <datafield tag="245" ind1="0" ind2="0">
   <subfield code="a">Tổng tập văn học dân gian xứ Huế</subfield>
   <subfield code="c">Triều Nguyên</subfield>
  </datafield>
  <datafield tag="774" ind1=" " ind2=" ">
   <subfield code="a">Triều Nguyên</subfield>
   <subfield code="d">H.</subfield>
   <subfield code="d">Đại học Quốc gia Hà Nội</subfield>
   <subfield code="d">2011</subfield>
   <subfield code="g">T.1</subfield>
   <subfield code="h">420tr.</subfield>
   <subfield code="n">ĐTTS ghi: Hội Văn nghệ dân gian Việt Nam</subfield>
   <subfield code="t">Thần thoại, truyền thuyết, truyện cổ tích, truyện ngụ ngôn</subfield>
   <subfield code="w">3305</subfield>
   <subfield code="z">9786046203476</subfield>
  </datafield>
  <datafield tag="774" ind1=" " ind2=" ">
   <subfield code="a">Triều Nguyên</subfield>
   <subfield code="d">Đại học Quốc gia Hà Nội</subfield>
   <subfield code="d">H.</subfield>
   <subfield code="d">2010</subfield>
   <subfield code="g">T.2</subfield>
   <subfield code="h">412 tr.</subfield>
   <subfield code="n">ĐTTS ghi: Hội Văn nghệ dân gian Việt Nam</subfield>
   <subfield code="o">KD.010108</subfield>
   <subfield code="t">Truyện cười, truyện trạng và giai thoại</subfield>
   <subfield code="w">11219</subfield>
  </datafield>
  <datafield tag="774" ind1=" " ind2=" ">
   <subfield code="a">Triều Nguyên</subfield>
   <subfield code="d">H.</subfield>
   <subfield code="d">Đại học Quốc gia Hà Nội</subfield>
   <subfield code="d">2010</subfield>
   <subfield code="g">T.5</subfield>
   <subfield code="h">1119tr.</subfield>
   <subfield code="n">ĐTTS ghi: Hội Văn nghệ dân gian Việt Nam</subfield>
   <subfield code="t">Ca Dao</subfield>
   <subfield code="w">12381</subfield>
  </datafield>
  <datafield tag="774" ind1=" " ind2=" ">
   <subfield code="a">Triều Nguyên</subfield>
   <subfield code="d">H.</subfield>
   <subfield code="d">Đại học Quốc gia Hà Nội</subfield>
   <subfield code="d">2010</subfield>
   <subfield code="g">T.4</subfield>
   <subfield code="h">565tr.</subfield>
   <subfield code="n">ĐTTS ghi: Hội Văn nghệ dân gian Việt Nam</subfield>
   <subfield code="t">Tục ngữ</subfield>
   <subfield code="w">12379</subfield>
  </datafield>
  <datafield tag="774" ind1=" " ind2=" ">
   <subfield code="a">Triều Nguyên</subfield>
   <subfield code="d">H.</subfield>
   <subfield code="d">Đại học Quốc gia Hà Nội</subfield>
   <subfield code="d">2011</subfield>
   <subfield code="g">T.6</subfield>
   <subfield code="h">524tr.</subfield>
   <subfield code="n">ĐTTS ghi: Hội Văn nghệ dân gian Việt Nam</subfield>
   <subfield code="t">Đồng dao, câu đố</subfield>
   <subfield code="w">12382</subfield>
   <subfield code="z">978604620347</subfield>
  </datafield>
  <datafield tag="774" ind1=" " ind2=" ">
   <subfield code="a">Triều Nguyên</subfield>
   <subfield code="d">H.</subfield>
   <subfield code="d">Đại học Quốc gia Hà Nội</subfield>
   <subfield code="d">2011</subfield>
   <subfield code="g">T.3</subfield>
   <subfield code="h">794tr.</subfield>
   <subfield code="n">ĐTTS ghi: Hội Văn nghệ dân gian Việt Nam</subfield>
   <subfield code="t">Vè, truyện thơ</subfield>
   <subfield code="w">12492</subfield>
  </datafield>
  <datafield tag="OWN" ind1=" " ind2=" ">
   <subfield code="a">LSP</subfield>
  </datafield>
  <datafield tag="999" ind1=" " ind2=" ">
   <subfield code="a">From the UDN01</subfield>
  </datafield>
  <datafield tag="TYP" ind1=" " ind2=" ">
   <subfield code="a">Monograph</subfield>
  </datafield>
  <datafield tag="TYP" ind1=" " ind2=" ">
   <subfield code="a">Printed language</subfield>
  </datafield>
  <datafield tag="980" ind1=" " ind2=" ">
   <subfield code="a">Mạng thư viện Đại học Đà Nẵng</subfield>
  </datafield>
 </record>
</collection>
